AJR - Weak Lyrics - Statistics

General Stats
  • This quiz has been taken 79 times
  • The average score is 311 of 358
Answer Stats
Answer % Correct
a
98%
i
98%
that
98%
what
98%
we
95%
with
95%
wrong
95%
ya
95%
you
95%
and
93%
for
93%
weak
93%
what's
93%
be
90%
boy
90%
but
90%
fall
90%
i'm
90%
is
90%
love
90%
no
90%
oh
90%
should
90%
thank
90%
when
90%
bed
88%
in
88%
it
88%
said
88%
me
85%
on
85%
so
80%
bad
78%
give
78%
hit
78%
kiss
78%
my
78%
one
78%
should've
78%
trouble
78%
easily
75%
go!
75%
sip
75%
yet
75%
come
73%
strong
73%
to
73%
stay
70%
temptations
70%
how
68%
of
68%
they
68%
after
65%
dark
65%
gone
65%
tongue
65%
troubles
65%
call
58%
don't
55%
want
55%
budge
53%
habits
53%
like
53%
part
50%
up
50%
won't
50%
again
48%
hold
48%
promise
48%
can't
45%
grudge
45%
wake
45%
wait
43%
No matching quizzes found
Score Distribution
Percent of People with Each Score
Percentile by Number Answered
Your Score History
You have not taken this quiz